000 00433nam a2200181Ia 4500
001 24048
005 20260414151017.0
008 260414t2003||||xx |||||||||||||| ||spa||
041 _aESP
082 _a759
_bT95
100 _aBockemuhl, Michael
_eAUT
245 0 _aTurner :
_bel mundo de la luz y del color
260 _c2003
300 _a96 páginas :
_c23 cm.
650 _aABD
654 _aCAU
942 _cLIB
_dJUS
_fJUS
_2ddc
_n
999 _c24048
_d24048